000 00586cam a2200169 4500500
005 20260322014010.0
041 _afre
042 _adc
100 1 0 _aMalacria, Max
_eauthor
700 1 0 _aGoddard, Jean-Philippe
_eauthor
700 1 0 _aOllivier, Cyril
_eauthor
245 0 0 _aChemistry and sustainable development
260 _c2026.
500 _a3
786 0 _nChemical risk prevention manager | - | 2026-03-11 | p. 3-3
856 4 1 _uhttps://stm.cairn.info/green-chemistry-principles-regulations-and-assessment-tools--bdti42490210-ik1200-page-3?lang=en&redirect-ssocas=7080
999 _c1785436
_d1785436